书目信息 |
| 题名: |
相图的边界理论及其应用
|
|
| 作者: | 赵慕愚 著 ;宋利珠 著 | |
| 分册: | ||
| 出版信息: | 北京 科学出版社 2004 |
|
| 页数: | 190页 | |
| 开本: | 24cm | |
| 丛书名: | 21世纪科学版化学专著系列 | |
| 单 册: | ||
| 中图分类: | TG113.14 | |
| 科图分类: | ||
| 主题词: | 相图 | |
| 电子资源: | ||
| ISBN: | 7-03-012011-6 | |
| 000 | 01366nam0 2200313 450 | |
| 000 | 01373nam0 2200313 450 | |
| 000 | 01302nam0 2200289 450 | |
| 000 | 01266nam0 2200277 45 | |
| 005 | 20070527134111.73 | |
| 010 | @a7-03-012011-6@b精装@dCNY32.00 | |
| 100 | @a20070411d2004 em y0chiy0120 ea | |
| 101 | 0 | @achi |
| 102 | @aCN@b110000 | |
| 105 | @ay z 000yy | |
| 200 | 1 | @a相图的边界理论及其应用@AXiang Tu De Bian Jie Li Lun Ji Qi Ying Yong@e相区及其边界构成相图的规律@EXiang Qu Ji Qi Bian Jie Gou Cheng Xiang Tu De Gui Lu^@f赵慕愚,宋利珠著@FZhao Mu Yu, Song Li Zhu Zhu |
| 210 | @a北京@c科学出版社@d2004 | |
| 215 | @a190页@d24cm | |
| 225 | 2 | @a 21世纪科学版化学专著系列 |
| 300 | @a中国科学院科学出版基金资助出版 | |
| 330 | @a本书讨论相区及其边界如何构成相图的规律,涉及推导相律和确定独立组元数的方程的介绍,以及恒压相图边界理论在相图的计算、测定、评估和教学中的应用等。 | |
| 410 | 0 | @12001 @a 21世纪科学版化学专著系列 |
| 510 | 1 | @aTheory of Phase Boundary and Its Applications : Rules for Phase Diagram Construction with Phase Regions and Their Boundaries@zeng |
| 517 | 1 | @a相区及其边界构成相图的规律@AXiang Qu Ji Qi Bian Jie Gou Cheng Xiang Tu De Gui Lu^ |
| 606 | 0 | @a相图 |
| 690 | @aTG113.14@v4 | |
| 701 | 0 | @a赵慕愚@AZhao Mu Yu@4著 |
| 702 | 0 | @a宋利珠@ASong Li Zhu@4著 |
| 801 | 0 | @aCN@bTAOJIN@c20070527 |
| 905 | @a10447@dTG113.14@e42 | |
| 相图的边界理论及其应用:相区及其边界构成相图的规律/赵慕愚,宋利珠著.-北京:科学出版社,2004 |
| 190页;24cm.-( 21世纪科学版化学专著系列) |
| 中国科学院科学出版基金资助出版 |
| ISBN 7-03-012011-6(精装):CNY32.00 |
| 本书讨论相区及其边界如何构成相图的规律,涉及推导相律和确定独立组元数的方程的介绍,以及恒压相图边界理论在相图的计算、测定、评估和教学中的应用等。 |
| ● |
| 相关链接 |
|
|
|
|
正题名:相图的边界理论及其应用
索取号:TG113.14/42
 
预约/预借
| 序号 | 登录号 | 条形码 | 馆藏地/架位号 | 状态 | 备注 |
| 1 | 0522872 | 205228724 | 第二样本阅览室/ [索取号:TG113.14/42] | 在馆 | |
| 2 | 0522873 | 205228733 | 第三借阅区/ [索取号:TG113.14/42] | 在馆 | |
| 3 | 0522874 | 205228742 | 第三借阅区/ [索取号:TG113.14/42] | 在馆 | |
| 4 | 0522875 | 205228751 | 第三借阅区/ [索取号:TG113.14/42] | 在馆 | |
| 5 | 0522876 | 205228760 | 第三借阅区/ [索取号:TG113.14/42] | 在馆 |